00351nam a22000977a 4500003000400000082001600004100007300020245008200093260007000175300000800245SGT a301.2bM97S aश्रीवास्तव, आशीर्वादीलाल a मध्यकालीन भारत एवं संस्कृति  bशिवलाल अग्रवाल & कंपनी c1997 a255